[Event "XtraCon-Skakligaen"]
[Site "Denmark"]
[Date "2015.01.11"]
[Round "5.1"]
[White "Hector, Jonny"]
[Black "Teplyi, Igor"]
[Result "1-0"]
[WhiteElo "2488"]
[BlackElo "2381"]
[PlyCount "175"]
[EventDate "2014.10.25"]
[EventType "team-tourn"]
[EventRounds "9"]
[EventCountry "DEN"]
[WhiteTeam "Nordkalotten"]
[BlackTeam "Nordre"]
[WhiteTeamCountry "DEN"]
[BlackTeamCountry "DEN"]

1. d4 d5 2. Nc3 Nf6 3. Bf4 e6 4. e3 a6 5. Nf3 c5 6. a3 Be7 7. dxc5 Bxc5 8. Bd3
Nc6 9. O-O Be7 10. h3 O-O 11. e4 dxe4 12. Nxe4 Nd5 13. Bh2 b5 14. c4 bxc4 15.
Bxc4 Nb6 16. Bd3 Bb7 17. Qe2 Nd4 18. Nxd4 Qxd4 19. Rad1 Qa4 20. Nc3 Qh4 21. Bg3
Qh6 22. Bb1 Bh4 23. Rd4 Be7 24. Bc7 Bc5 25. Bxb6 Bxb6 26. Rb4 Qg5 27. Qg4 Qd8
28. Rd1 Qc7 29. Qh4 f5 30. Ba2 Rf6 31. Qf4 Qxf4 32. Rxf4 Rb8 33. Rd6 Ba7 34.
Rxe6 Rxe6 35. Bxe6+ Kh8 36. Rxf5 Bd4 37. Rf4 Be5 38. Rb4 Bc6 39. Rxb8+ Bxb8 40.
Bd5 Bd7 41. Kf1 g6 42. Ke2 Kg7 43. Kd3 Kf6 44. Bb7 a5 45. Kd4 Ke6 46. Bd5+ Ke7
47. Kc4 Ba7 48. Ne4 Bf5 49. Nc5 Bc8 50. f3 Kd6 51. b4 axb4 52. axb4 Bd7 53.
Ne4+ Ke5 54. Ng5 h5 55. g3 Kf6 56. Ne4+ Ke7 57. g4 Bb6 58. Nc5 Be8 59. f4 hxg4
60. hxg4 Ba7 61. Kd4 Bd7 62. g5 Be8 63. Ke4 Kd6 64. Nb7+ Ke7 65. Na5 Bb6 66.
Nc6+ Kd6 67. Ne5 Bf2 68. Bf7 Ba4 69. Kd3 Bb5+ 70. Bc4 Be8 71. b5 Ke7 72. Ke4
Bb6 73. Bd3 Kf8 74. Kd5 Be3 75. Ke4 Ba7 76. Kf3 Kg7 77. Bc4 Kf8 78. Kg4 Kg7 79.
Nc6 Bb6 80. Kf3 Bd7 81. Ne5 Be8 82. Bd3 Ba7 83. Ke4 Kf8 84. Kd5 Be3 85. Ke6 Kg7
86. Ke7 Bxf4 87. Kxe8 Bxe5 88. b6 1-0

[Event "XtraCon-Skakligaen"]
[Site "Denmark"]
[Date "2015.01.11"]
[Round "5.2"]
[White "Baekgaard, Martin"]
[Black "Brynell, Stellan"]
[Result "0-1"]
[WhiteElo "2318"]
[BlackElo "2459"]
[PlyCount "90"]
[EventDate "2014.10.25"]
[EventType "team-tourn"]
[EventRounds "9"]
[EventCountry "DEN"]
[WhiteTeam "Nordre"]
[BlackTeam "Nordkalotten"]
[WhiteTeamCountry "DEN"]
[BlackTeamCountry "DEN"]

1. d4 e6 2. c4 Nf6 3. g3 Bb4+ 4. Bd2 a5 5. Bg2 d5 6. Nf3 O-O 7. Qc2 dxc4 8.
Qxc4 Qd5 9. Qxc7 Nc6 10. Nc3 Qc4 11. Ne5 Qxd4 12. Nxc6 bxc6 13. Rd1 Ra7 14. Qf4
Qxf4 15. gxf4 Nd5 16. O-O Ba6 17. Rfe1 Rb8 18. f5 Bxc3 19. bxc3 exf5 20. Bxd5
cxd5 21. Bf4 Rd8 22. e4 fxe4 23. Rxe4 f6 24. Red4 Raa8 25. Bc7 Rdc8 26. Bxa5
Bc4 27. Rxd5 Bxd5 28. Rxd5 Re8 29. a3 Re5 30. Rxe5 fxe5 31. Bb4 Kf7 32. Kg2 e4
33. Kg3 Ke6 34. Kf4 Kd5 35. Ke3 Ra6 36. f3 exf3 37. Kxf3 Rf6+ 38. Kg4 Rf2 39.
Kg3 Ra2 40. Bf8 g6 41. h4 Ke4 42. Be7 Rd2 43. Bb4 Kf5 44. c4 Rd3+ 45. Kf2 Rd4
0-1

[Event "XtraCon-Skakligaen"]
[Site "Denmark"]
[Date "2015.01.11"]
[Round "5.3"]
[White "Sylvan, Jacob"]
[Black "Petersen, Tom Petri"]
[Result "1/2-1/2"]
[WhiteElo "2315"]
[BlackElo "2334"]
[PlyCount "69"]
[EventDate "2014.10.25"]
[EventType "team-tourn"]
[EventRounds "9"]
[EventCountry "DEN"]
[WhiteTeam "Nordkalotten"]
[BlackTeam "Nordre"]
[WhiteTeamCountry "DEN"]
[BlackTeamCountry "DEN"]

1. e4 g6 2. d4 Bg7 3. Nc3 a6 4. Be3 d6 5. f4 Nd7 6. Nf3 e6 7. Bd3 Ngf6 8. O-O
O-O 9. f5 exf5 10. exf5 Ng4 11. Bf4 c5 12. dxc5 Nxc5 13. fxg6 hxg6 14. Bc4 Ne6
15. Qxd6 Nxf4 16. Qxf4 Qb6+ 17. Kh1 Qe3 18. Qg3 Be5 19. Nxe5 Qxg3 20. hxg3 Nxe5
21. Bb3 Kg7 22. Rad1 Bf5 23. Rd6 Rac8 24. Rb6 Rc7 25. Re1 Nd7 26. Rd6 Nc5 27.
Nd5 Rd7 28. Rxd7 Bxd7 29. Re7 Be6 30. Nc3 Nxb3 31. cxb3 b5 32. b4 Rd8 33. Ra7
Rd6 34. a3 Bc4 35. Kg1 1/2-1/2

[Event "XtraCon-Skakligaen"]
[Site "Denmark"]
[Date "2015.01.11"]
[Round "5.4"]
[White "Sloth, Jorn"]
[Black "Kristensen, Kaare Hove"]
[Result "1/2-1/2"]
[WhiteElo "2318"]
[BlackElo "2335"]
[PlyCount "31"]
[EventDate "2014.10.25"]
[EventType "team-tourn"]
[EventRounds "9"]
[EventCountry "DEN"]
[WhiteTeam "Nordre"]
[BlackTeam "Nordkalotten"]
[WhiteTeamCountry "DEN"]
[BlackTeamCountry "DEN"]

1. Nf3 c5 2. b3 d6 3. c4 e5 4. Nc3 f5 5. e3 Nc6 6. Be2 e4 7. Ng1 Qg5 8. Kf1 Be6
9. Nh3 Qh6 10. Nf4 Bf7 11. Nfd5 O-O-O 12. Rb1 Nf6 13. b4 cxb4 14. Qb3 Rd7 15.
Nxf6 Qxf6 16. Nd5 1/2-1/2

[Event "XtraCon-Skakligaen"]
[Site "Denmark"]
[Date "2015.01.11"]
[Round "5.5"]
[White "Jakobsen, Peter"]
[Black "Veng, Johny"]
[Result "1/2-1/2"]
[WhiteElo "2227"]
[BlackElo "2281"]
[PlyCount "95"]
[EventDate "2014.10.25"]
[EventType "team-tourn"]
[EventRounds "9"]
[EventCountry "DEN"]
[WhiteTeam "Nordkalotten"]
[BlackTeam "Nordre"]
[WhiteTeamCountry "DEN"]
[BlackTeamCountry "DEN"]

1. d4 c5 2. d5 g6 3. c4 Bg7 4. e4 d6 5. Bd3 Nf6 6. Nf3 O-O 7. h3 a6 8. a4 e6 9.
Nc3 Re8 10. O-O exd5 11. cxd5 Nbd7 12. Bf4 Qe7 13. Re1 Nh5 14. Be3 Ne5 15. Be2
Nxf3+ 16. Bxf3 Nf6 17. Qd2 Qf8 18. Qc2 b6 19. Rab1 Bd7 20. b4 cxb4 21. Rxb4
Rac8 22. Bd2 b5 23. axb5 Bxb5 24. Qb3 Nd7 25. Nxb5 axb5 26. Rxb5 Nc5 27. Qb1
Be5 28. Be3 Na4 29. Rb7 Rb8 30. Rxb8 Rxb8 31. Qd3 Nc5 32. Qc4 Ra8 33. Rb1 Ra4
34. Qc2 Ra3 35. Qc4 Rxe3 36. fxe3 Qh6 37. Qe2 Qg5 38. Rb8+ Kg7 39. Re8 h5 40.
Qd2 Nb3 41. Qd3 Nc5 42. Qa3 Qg3 43. Kf1 Bf6 44. Qc1 Nd3 45. Qd2 Bh4 46. Ke2 Ne5
47. Rxe5 Qxe5 48. Qd4 1/2-1/2

[Event "XtraCon-Skakligaen"]
[Site "Denmark"]
[Date "2015.01.11"]
[Round "5.6"]
[White "Hoiberg, Nina"]
[Black "Hove, Esben Kjems"]
[Result "1/2-1/2"]
[WhiteElo "2209"]
[BlackElo "2224"]
[PlyCount "98"]
[EventDate "2014.10.25"]
[EventType "team-tourn"]
[EventRounds "9"]
[EventCountry "DEN"]
[WhiteTeam "Nordre"]
[BlackTeam "Nordkalotten"]
[WhiteTeamCountry "DEN"]
[BlackTeamCountry "DEN"]

1. e4 c6 2. d4 d5 3. e5 Bf5 4. c4 e6 5. Nc3 Ne7 6. Nf3 Nd7 7. Nh4 dxc4 8. Bxc4
Nb6 9. Bb3 h6 10. O-O Bh7 11. f4 Ned5 12. Qg4 Qd7 13. a4 Bd3 14. Rd1 Nb4 15. a5
Qxd4+ 16. Kh1 Nc4 17. Qg3 O-O-O 18. Nf3 Qc5 19. Ne1 Bg6 20. Na4 Qb5 21. Rxd8+
Kxd8 22. Qf2 Nd5 23. Qxa7 Nxa5 24. Bxd5 Qf1+ 25. Qg1 Qxg1+ 26. Kxg1 cxd5 27.
Be3 Nc4 28. Bf2 Bb4 29. Nc5 Kc7 30. Ned3 Bxc5 31. Nxc5 b6 32. Na4 Ra8 33. b3 b5
34. bxc4 dxc4 35. Bd4 Rxa4 36. Rxa4 bxa4 37. Bb2 Kc6 38. Kf2 Kc5 39. Ke3 Kb4
40. Kd2 h5 41. h4 Be4 42. g3 a3 43. Bc3+ Kb3 44. Bd4 a2 45. Ba1 Bd3 46. Bc3 Ka4
47. Ba1 Kb4 48. Bc3+ Kc5 49. Ke3 Kd5 1/2-1/2

[Event "XtraCon-Skakligaen"]
[Site "Denmark"]
[Date "2015.01.11"]
[Round "5.7"]
[White "Ejsing, Esben"]
[Black "Christensen, Jan Schleicher"]
[Result "1-0"]
[WhiteElo "2190"]
[BlackElo "2208"]
[PlyCount "67"]
[EventDate "2014.10.25"]
[EventType "team-tourn"]
[EventRounds "9"]
[EventCountry "DEN"]
[WhiteTeam "Nordkalotten"]
[BlackTeam "Nordre"]
[WhiteTeamCountry "DEN"]
[BlackTeamCountry "DEN"]

1. d4 Nf6 2. Nf3 c5 3. c3 g6 4. g3 Bg7 5. Bg2 O-O 6. O-O cxd4 7. cxd4 d5 8. Nc3
Ne4 9. Nxe4 dxe4 10. Ne5 Nc6 11. Nxc6 bxc6 12. Be3 Bf5 13. Qa4 Qd7 14. Rfd1
Rab8 15. Rd2 Rb5 16. Rc1 Rfb8 17. b3 Rc8 18. Rdc2 Qb7 19. d5 Rxd5 20. Bxe4 Bxe4
21. Qxe4 Qd7 22. Kg2 Re5 23. Rxc6 Rd8 24. Qc4 Qb7 25. Kg1 Red5 26. f3 h5 27.
Rc7 Qb8 28. Rxe7 Qd6 29. Rxa7 Qe6 30. Bf2 Qh3 31. Re1 Bf6 32. Rxf7 Rd4 33. Qc7
Qe6 34. Rxf6 1-0

[Event "XtraCon-Skakligaen"]
[Site "Denmark"]
[Date "2015.01.11"]
[Round "5.8"]
[White "Klitgaard, Thomas"]
[Black "Nielsen, Lars Aaes"]
[Result "1-0"]
[WhiteElo "2197"]
[BlackElo "2237"]
[PlyCount "35"]
[EventDate "2014.10.25"]
[EventType "team-tourn"]
[EventRounds "9"]
[EventCountry "DEN"]
[WhiteTeam "Nordre"]
[BlackTeam "Nordkalotten"]
[WhiteTeamCountry "DEN"]
[BlackTeamCountry "DEN"]

1. d4 e6 2. c4 b6 3. e4 Bb7 4. Bd3 f5 5. exf5 Bxg2 6. Qh5+ g6 7. fxg6 Bg7 8.
gxh7+ Kf8 9. Ne2 Nf6 10. Qh4 Bxh1 11. Bg5 Nc6 12. Nbc3 Nxd4 13. Nxd4 Bb7 14.
O-O-O Kf7 15. Nde2 Qf8 16. Nf4 Qc5 17. Bg6+ Ke7 18. Nh5 1-0

[Event "XtraCon-Skakligaen"]
[Site "Denmark"]
[Date "2015.01.11"]
[Round "5.1"]
[White "Matthiesen, Arne"]
[Black "Kjartansson, Gudmundur"]
[Result "1/2-1/2"]
[WhiteElo "2359"]
[BlackElo "2439"]
[PlyCount "104"]
[EventDate "2014.10.25"]
[EventType "team-tourn"]
[EventRounds "9"]
[EventCountry "DEN"]
[WhiteTeam "SK1968"]
[BlackTeam "Jetsmark"]
[WhiteTeamCountry "DEN"]
[BlackTeamCountry "DEN"]

1. d4 d5 2. c4 e6 3. Nf3 Nf6 4. Nc3 c6 5. g3 Nbd7 6. Qd3 Be7 7. Bg2 b6 8. cxd5
cxd5 9. O-O O-O 10. Bf4 a6 11. Rac1 Bb7 12. Rc2 b5 13. Rfc1 Rc8 14. Nb1 Rxc2
15. Rxc2 Qa8 16. Nbd2 b4 17. Ne5 Nxe5 18. Bxe5 Nd7 19. Bf4 Rc8 20. Nb3 Bc6 21.
Qd2 Bb5 22. Rxc8+ Qxc8 23. Qc1 Qxc1+ 24. Nxc1 f6 25. Bc7 Kf7 26. e3 Ke8 27. Bf1
Bxf1 28. Kxf1 Bd8 29. Bxd8 Kxd8 30. Nd3 a5 31. Ke2 Kc7 32. f3 e5 33. Kd2 Kc6
34. dxe5 fxe5 35. e4 dxe4 36. fxe4 Kd6 37. Ke3 Nb8 38. b3 Nc6 39. Nb2 Kc5 40.
Nd3+ Kb5 41. Nb2 Nd4 42. Kd3 Ne6 43. Na4 g5 44. g4 Nd4 45. Ke3 h6 46. Nb2 Nc6
47. Kd3 Nd4 48. Ke3 Kc5 49. Nd3+ Kd6 50. Nb2 Kc5 51. Nd3+ Kd6 52. Nb2 Kc5
1/2-1/2

[Event "XtraCon-Skakligaen"]
[Site "Denmark"]
[Date "2015.01.11"]
[Round "5.2"]
[White "Jensen, Bjarke"]
[Black "Bank, Pelle Rodkjaer"]
[Result "1-0"]
[WhiteElo "2351"]
[BlackElo "2329"]
[PlyCount "59"]
[EventDate "2014.10.25"]
[EventType "team-tourn"]
[EventRounds "9"]
[EventCountry "DEN"]
[WhiteTeam "Jetsmark"]
[BlackTeam "SK1968"]
[WhiteTeamCountry "DEN"]
[BlackTeamCountry "DEN"]

1. e4 g6 2. d4 Bg7 3. Nc3 c6 4. Nf3 d5 5. h3 Nf6 6. e5 Ne4 7. Nxe4 dxe4 8. Ng5
c5 9. e6 Bxe6 10. Nxe6 fxe6 11. dxc5 Qa5+ 12. c3 Qxc5 13. Qb3 O-O 14. Be3 Qc7
15. Qxe6+ Kh8 16. Rd1 Nc6 17. Qxe4 Rf5 18. Be2 Re5 19. Bf4 Rxe4 20. Bxc7 Rc8
21. Bg3 Nd4 22. Rd2 Nf5 23. Bh2 Bh6 24. Rd7 Rc6 25. Kd1 Rb6 26. Bd3 Ra4 27. Kc2
Bg5 28. a3 Bf6 29. Re1 Ra5 30. Bc7 1-0

[Event "XtraCon-Skakligaen"]
[Site "Denmark"]
[Date "2015.01.11"]
[Round "5.3"]
[White "Hansen, Lars"]
[Black "Wiwe, Andreas"]
[Result "0-1"]
[WhiteElo "2273"]
[BlackElo "2301"]
[PlyCount "188"]
[EventDate "2014.10.25"]
[EventType "team-tourn"]
[EventRounds "9"]
[EventCountry "DEN"]
[WhiteTeam "SK1968"]
[BlackTeam "Jetsmark"]
[WhiteTeamCountry "DEN"]
[BlackTeamCountry "DEN"]

1. e4 c5 2. Nc3 d6 3. f4 g6 4. Nf3 Bg7 5. Bb5+ Bd7 6. Bc4 Nc6 7. O-O Na5 8. Be2
Nf6 9. d3 Nc6 10. Qe1 Nd4 11. Bd1 Bc6 12. Qh4 Nd7 13. Be3 e6 14. Qf2 Qb6 15.
Rb1 O-O 16. Nd2 Qc7 17. Nf3 Qb6 18. Nd2 a5 19. Ne2 f5 20. c3 Nxe2+ 21. Bxe2 Qc7
22. Bf3 b6 23. exf5 exf5 24. Bxc6 Qxc6 25. Nf3 Nf6 26. Qc2 Rae8 27. Rbe1 Nd5
28. Bd2 Bh6 29. g3 Bg7 30. Ng5 Bf6 31. Nf3 Rxe1 32. Nxe1 Re8 33. Kf2 Kg7 34.
Nf3 c4 35. Re1 Qc5+ 36. d4 Qc6 37. Rxe8 Qxe8 38. b3 Qc6 39. bxc4 Qxc4 40. Qb3
b5 41. Qxc4 bxc4 42. Ke2 Kf7 43. Ne1 Ke6 44. Nc2 h5 45. Ne3 Nb6 46. Bc1 h4 47.
Ba3 hxg3 48. hxg3 Bg7 49. Bc1 d5 50. Ng2 Nd7 51. Nh4 Nf6 52. Nxg6 Ne4 53. Bd2
Nxg3+ 54. Kf3 Ne4 55. Be1 a4 56. Ke3 Nd6 57. Ne5 Nb5 58. Nf3 Bf6 59. Kd2 Be7
60. Bh4 Ba3 61. Kc2 Nd6 62. Ng5+ Kd7 63. Nf3 Ne4 64. Ne5+ Ke6 65. Nf3 Bd6 66.
Ne5 Bc7 67. Be1 Bd8 68. Nc6 Bb6 69. Kb2 Bc7 70. Ne5 Bd6 71. Bh4 Bf8 72. Nf3 Bh6
73. Bg5 Bxg5 74. fxg5 f4 75. g6 Kf6 76. Ne5 Ng5 77. Ka3 Ne4 78. Kb4 Kg7 79. a3
Kf6 80. Kxa4 Nxc3+ 81. Kb4 Na2+ 82. Ka4 Kg7 83. Kb5 c3 84. a4 c2 85. Nd3 f3 86.
a5 c1=Q 87. Nxc1 Nxc1 88. a6 f2 89. a7 f1=Q+ 90. Kb6 Qf8 91. Kb7 Nb3 92. a8=Q
Qxa8+ 93. Kxa8 Nxd4 94. Kb7 Nf3 0-1

[Event "XtraCon-Skakligaen"]
[Site "Denmark"]
[Date "2015.01.11"]
[Round "5.4"]
[White "Thybo, Jesper Sondergaard"]
[Black "Matthiesen, Martin"]
[Result "0-1"]
[WhiteElo "2334"]
[BlackElo "2260"]
[PlyCount "94"]
[EventDate "2014.10.25"]
[EventType "team-tourn"]
[EventRounds "9"]
[EventCountry "DEN"]
[WhiteTeam "Jetsmark"]
[BlackTeam "SK1968"]
[WhiteTeamCountry "DEN"]
[BlackTeamCountry "DEN"]

1. d4 Nf6 2. c4 e6 3. g3 d5 4. Nf3 Be7 5. Bg2 O-O 6. O-O dxc4 7. Qc2 a6 8. a4
Bd7 9. Ne5 Bc6 10. Nxc6 Nxc6 11. e3 Na5 12. Nd2 c5 13. dxc5 Rc8 14. b4 cxb3 15.
Nxb3 Nxb3 16. Qxb3 Rxc5 17. Rd1 Rc3 18. Rxd8 Rxb3 19. Rxf8+ Kxf8 20. Bd2 Bb4
21. Bxb4+ Rxb4 22. a5 Ke7 23. Rc1 Ne8 24. Rc5 Rb1+ 25. Bf1 Nd6 26. Kg2 Ra1 27.
Bd3 h6 28. e4 Ra3 29. Bc2 Nb5 30. e5 Rc3 31. Rxc3 Nxc3 32. Kf3 Kd7 33. Ke3 Nd5+
34. Kd4 Nb4 35. Be4 Nc6+ 36. Kc5 Nxa5 37. Kb6 Nc4+ 38. Kxb7 Nxe5 39. h3 f5 40.
Bc2 Nf3 41. Kxa6 Kc6 42. Ba4+ Kd5 43. Kb6 Ng5 44. Kc7 Nxh3 45. Bb3+ Ke5 46. f3
f4 47. g4 Ng5 0-1

[Event "XtraCon-Skakligaen"]
[Site "Denmark"]
[Date "2015.01.11"]
[Round "5.5"]
[White "Rewitz, Poul"]
[Black "Helledie, Anders"]
[Result "0-1"]
[WhiteElo "2253"]
[BlackElo "2266"]
[PlyCount "118"]
[EventDate "2014.10.25"]
[EventType "team-tourn"]
[EventRounds "9"]
[EventCountry "DEN"]
[WhiteTeam "SK1968"]
[BlackTeam "Jetsmark"]
[WhiteTeamCountry "DEN"]
[BlackTeamCountry "DEN"]

1. e4 e6 2. a3 d5 3. e5 Bd7 4. Nf3 a6 5. b4 f6 6. Bb2 fxe5 7. Nxe5 Nf6 8. g4
Ne4 9. d3 Nd6 10. Nd2 Nc6 11. Ndf3 Nf7 12. Nxf7 Kxf7 13. Qd2 Bd6 14. c4 Rf8 15.
c5 Kg8 16. cxd6 Rxf3 17. Bg2 Rf7 18. dxc7 Qxc7 19. O-O Raf8 20. Rae1 Rf4 21. h3
Qd8 22. Qe3 Qh4 23. Qg3 Qxg3 24. fxg3 Rxf1+ 25. Rxf1 Rxf1+ 26. Kxf1 Be8 27. Kf2
Bf7 28. d4 Bg6 29. h4 Kf7 30. Ke3 Bc2 31. Kf4 Ke7 32. g5 g6 33. Ke3 b5 34. Bf3
Na7 35. Be2 Nc8 36. Kd2 Bb3 37. Bd3 Nd6 38. Ke2 Bc4 39. Bxc4 dxc4 40. g4 Nc8
41. Ke3 Kd6 42. Ke4 Nb6 43. Bc3 Nd5 44. Be1 c3 45. Kd3 Nf4+ 46. Kxc3 Kd5 47.
Bd2 Ne2+ 48. Kd3 Nxd4 49. h5 Nf3 50. Bf4 e5 51. Bc1 e4+ 52. Ke3 Ne5 53. h6
Nxg4+ 54. Kf4 Ne5 55. Be3 Nc4 56. Bc1 Kd4 57. Kg3 Kd3 58. Kf4 Kd4 59. Kg3 e3
0-1

[Event "XtraCon-Skakligaen"]
[Site "Denmark"]
[Date "2015.01.11"]
[Round "5.6"]
[White "Rosenkilde, Alexander"]
[Black "Pedersen, Gunnar"]
[Result "1/2-1/2"]
[WhiteElo "2211"]
[BlackElo "2232"]
[PlyCount "89"]
[EventDate "2014.10.25"]
[EventType "team-tourn"]
[EventRounds "9"]
[EventCountry "DEN"]
[WhiteTeam "Jetsmark"]
[BlackTeam "SK1968"]
[WhiteTeamCountry "DEN"]
[BlackTeamCountry "DEN"]

1. d4 b5 2. e4 Bb7 3. Bd3 a6 4. Nf3 Nf6 5. Qe2 e6 6. O-O c5 7. c3 cxd4 8. cxd4
Be7 9. a3 d6 10. Nc3 Nbd7 11. Be3 O-O 12. Rac1 Rc8 13. Rfd1 Nb6 14. Nd2 Re8 15.
Bb1 Nc4 16. Nxc4 Rxc4 17. Qd3 g6 18. Ba2 Rc8 19. d5 e5 20. f3 Nh5 21. Qd2 Qd7
22. Bb1 Rf8 23. Na2 f5 24. Nb4 fxe4 25. Bxe4 Nf6 26. Qd3 Nxe4 27. Qxe4 Rf5 28.
Nc6 Bg5 29. Bxg5 Rxg5 30. g4 Rf8 31. Rc3 Rf4 32. Qe3 Rgxg4+ 33. Kh1 Rg5 34. Na5
Qh3 35. Qe2 Bc8 36. Rdc1 Bf5 37. Nb7 Kg7 38. Nxd6 e4 39. Nxe4 Bxe4 40. fxe4 Qh4
41. Re3 Rf2 42. Rc7+ Kg8 43. Rc8+ Kg7 44. Rc7+ Kg8 45. Rc8+ 1/2-1/2

[Event "XtraCon-Skakligaen"]
[Site "Denmark"]
[Date "2015.01.11"]
[Round "5.8"]
[White "Grubert, Christian"]
[Black "Sorensen, Torben Kyhl"]
[Result "1-0"]
[WhiteElo "2138"]
[BlackElo "2168"]
[PlyCount "51"]
[EventDate "2014.10.25"]
[EventType "team-tourn"]
[EventRounds "9"]
[EventCountry "DEN"]
[WhiteTeam "Jetsmark"]
[BlackTeam "SK1968"]
[WhiteTeamCountry "DEN"]
[BlackTeamCountry "DEN"]

1. e4 c5 2. Nf3 Nc6 3. d4 cxd4 4. Nxd4 Nf6 5. Nc3 e5 6. Ndb5 d6 7. Bg5 a6 8.
Na3 b5 9. Nd5 Be7 10. Bxf6 Bxf6 11. c3 O-O 12. Nc2 Bg5 13. Nce3 b4 14. g3 bxc3
15. bxc3 Qa5 16. Qd3 f5 17. Bg2 f4 18. Nc4 Qc5 19. O-O f3 20. Bxf3 Rxf3 21.
Qxf3 Qxc4 22. Nb6 Qb5 23. Nxa8 Qb7 24. Qh5 Be7 25. Qe8+ Bf8 26. Nb6 1-0

[Event "XtraCon-Skakligaen"]
[Site "Denmark"]
[Date "2015.01.11"]
[Round "5.1"]
[White "Andersen, Mads"]
[Black "Sorensen, Jan"]
[Result "1/2-1/2"]
[WhiteElo "2485"]
[BlackElo "2431"]
[PlyCount "158"]
[EventDate "2014.10.25"]
[EventType "team-tourn"]
[EventRounds "9"]
[EventCountry "DEN"]
[WhiteTeam "Skanderborg"]
[BlackTeam "AarhusSkolerne"]
[WhiteTeamCountry "DEN"]
[BlackTeamCountry "DEN"]

1. Nf3 Nf6 2. g3 b6 3. Bg2 Bb7 4. O-O c5 5. c4 g6 6. Nc3 Bg7 7. d4 cxd4 8. Qxd4
d6 9. Rd1 Nbd7 10. Be3 Rc8 11. Rac1 O-O 12. Qh4 a6 13. b3 Re8 14. Bh3 Rc7 15.
g4 Qb8 16. g5 Nh5 17. Bg4 b5 18. Nd5 Bxd5 19. cxd5 Rxc1 20. Rxc1 Nb6 21. Bxb6
Qxb6 22. Bxh5 gxh5 23. Qxh5 Qb7 24. Qg4 Qxd5 25. Qd7 Qa8 26. Rc7 b4 27. Ra7 Qc8
28. Qxc8 Rxc8 29. Rxa6 Rc1+ 30. Kg2 Bb2 31. Ra4 Ba3 32. Nd4 Rc5 33. h4 Kg7 34.
e3 Kg6 35. Ra7 e6 36. Rb7 Rc1 37. Rb6 d5 38. Nc6 Rc2 39. Nxb4 Bxb4 40. Rxb4
Rxa2 41. Rb8 h6 42. gxh6 Kxh6 43. b4 d4 44. exd4 Rd2 45. b5 Rxd4 46. b6 Kg7 47.
b7 Rb4 48. Kf3 e5 49. Ke3 f5 50. Kd3 Rb1 51. Kc4 e4 52. Kd4 Rb3 53. h5 Kh7 54.
h6 Rb5 55. Ke3 Rb2 56. Kd4 Rb5 57. Kc4 Rb1 58. Kd5 Rb3 59. Kc4 Rb1 60. Kd5 Rb3
61. Kd4 Rb5 62. Ke3 Rb2 63. Rf8 Rxb7 64. Rxf5 Kxh6 65. Kxe4 Kg6 66. Rf8 Kg7 67.
Rf4 Kg6 68. Kf3 Rb3+ 69. Kg4 Rb2 70. f3 Rg2+ 71. Kh4 Ra2 72. Kg3 Kg5 73. Rf8
Ra3 74. Rg8+ Kf5 75. Rb8 Ra5 76. Rh8 Ra3 77. Rh5+ Kg6 78. Rb5 Ra4 79. f4 Ra1
1/2-1/2

[Event "XtraCon-Skakligaen"]
[Site "Denmark"]
[Date "2015.01.11"]
[Round "5.3"]
[White "Svane, Rasmus"]
[Black "Christensen, Tobias"]
[Result "1-0"]
[WhiteElo "2506"]
[BlackElo "2369"]
[PlyCount "67"]
[EventDate "2014.10.25"]
[EventType "team-tourn"]
[EventRounds "9"]
[EventCountry "DEN"]
[WhiteTeam "Skanderborg"]
[BlackTeam "AarhusSkolerne"]
[WhiteTeamCountry "DEN"]
[BlackTeamCountry "DEN"]

1. c4 e6 2. g3 Nf6 3. Bg2 d5 4. Nf3 Be7 5. O-O O-O 6. b3 c5 7. Bb2 Nc6 8. e3
Bd7 9. Qe2 Rc8 10. Nc3 d4 11. exd4 Nxd4 12. Nxd4 cxd4 13. Ne4 Bc6 14. d3 Nxe4
15. Bxe4 Qd7 16. f4 g6 17. Rae1 f5 18. Bxc6 Rxc6 19. Qf2 Rd8 20. Re2 Kf7 21. a3
a6 22. Rc1 b5 23. Rec2 b4 24. axb4 Bxb4 25. c5 Rdc8 26. Bxd4 Qd5 27. Rc4 a5 28.
Qg2 Qxg2+ 29. Kxg2 Rd8 30. Kf3 Rd5 31. Ke2 h5 32. Be3 e5 33. fxe5 Rxe5 34. d4
1-0

[Event "XtraCon-Skakligaen"]
[Site "Denmark"]
[Date "2015.01.11"]
[Round "5.4"]
[White "Ochsner, Thomas"]
[Black "Semcesen, Daniel"]
[Result "0-1"]
[WhiteElo "2312"]
[BlackElo "2480"]
[PlyCount "88"]
[EventDate "2014.10.25"]
[EventType "team-tourn"]
[EventRounds "9"]
[EventCountry "DEN"]
[WhiteTeam "AarhusSkolerne"]
[BlackTeam "Skanderborg"]
[WhiteTeamCountry "DEN"]
[BlackTeamCountry "DEN"]

1. e4 e5 2. Nf3 Nc6 3. Bb5 a6 4. Ba4 Nf6 5. O-O b5 6. Bb3 Bc5 7. c3 d6 8. d4
Bb6 9. dxe5 Nxe5 10. Nxe5 dxe5 11. Qxd8+ Kxd8 12. Bg5 Ke7 13. Bd5 Rb8 14. Nd2
h6 15. Bh4 g5 16. Bg3 Nxd5 17. exd5 f6 18. Rfd1 Rd8 19. Nf1 Bb7 20. Ne3 Bxe3
21. fxe3 Bxd5 22. Be1 Ke6 23. Rd2 Bc6 24. Rad1 Rd6 25. Kf2 Rbd8 26. b3 Bd5 27.
Rc1 Be4 28. Rxd6+ cxd6 29. Bd2 d5 30. Ra1 Rb8 31. Bc1 a5 32. Ba3 Rc8 33. Rc1 h5
34. Bb2 h4 35. Kg1 Rc7 36. Kf2 Kf5 37. Rd1 g4 38. Kg1 g3 39. h3 a4 40. Rf1+ Ke6
41. Rc1 a3 42. Ba1 b4 43. Kh1 Bd3 44. Kg1 Kf5 0-1

[Event "XtraCon-Skakligaen"]
[Site "Denmark"]
[Date "2015.01.11"]
[Round "5.5"]
[White "Pedersen, Nicolai Vesterbaek"]
[Black "Pedersen, Finn"]
[Result "1/2-1/2"]
[WhiteElo "2400"]
[BlackElo "2278"]
[PlyCount "33"]
[EventDate "2014.10.25"]
[EventType "team-tourn"]
[EventRounds "9"]
[EventCountry "DEN"]
[WhiteTeam "Skanderborg"]
[BlackTeam "AarhusSkolerne"]
[WhiteTeamCountry "DEN"]
[BlackTeamCountry "DEN"]

1. d4 d5 2. c4 c6 3. Nf3 Nf6 4. e3 Bf5 5. Nc3 e6 6. Nh4 Bg4 7. Qb3 Qb6 8. h3
Bh5 9. f4 Bg6 10. Nxg6 hxg6 11. Bd2 Nbd7 12. Bd3 Be7 13. O-O O-O 14. Rac1 Rac8
15. Rc2 c5 16. cxd5 cxd4 17. Qxb6 1/2-1/2

[Event "XtraCon-Skakligaen"]
[Site "Denmark"]
[Date "2015.01.11"]
[Round "5.6"]
[White "Rendboe, John Filip"]
[Black "Pedersen, Steffen"]
[Result "1/2-1/2"]
[WhiteElo "2196"]
[BlackElo "2417"]
[PlyCount "38"]
[EventDate "2014.10.25"]
[EventType "team-tourn"]
[EventRounds "9"]
[EventCountry "DEN"]
[WhiteTeam "AarhusSkolerne"]
[BlackTeam "Skanderborg"]
[WhiteTeamCountry "DEN"]
[BlackTeamCountry "DEN"]

1. d4 Nf6 2. Nf3 g6 3. c4 Bg7 4. Nc3 O-O 5. e4 d6 6. Be3 Na6 7. Be2 e5 8. d5
Ng4 9. Bg5 f6 10. Bh4 Nh6 11. Qd2 Nf7 12. O-O Qe8 13. Ne1 Bd7 14. Nd3 c5 15.
dxc6 bxc6 16. c5 d5 17. Nxe5 Qxe5 18. Bxa6 d4 19. Ne2 Qxc5 1/2-1/2

[Event "XtraCon-Skakligaen"]
[Site "Denmark"]
[Date "2015.01.11"]
[Round "5.7"]
[White "Boe, Mads"]
[Black "Hagen, Kresten Skytte"]
[Result "1/2-1/2"]
[WhiteElo "2351"]
[BlackElo "2163"]
[PlyCount "33"]
[EventDate "2014.10.25"]
[EventType "team-tourn"]
[EventRounds "9"]
[EventCountry "DEN"]
[WhiteTeam "Skanderborg"]
[BlackTeam "AarhusSkolerne"]
[WhiteTeamCountry "DEN"]
[BlackTeamCountry "DEN"]

1. e4 e6 2. d4 d5 3. e5 c5 4. c3 Nc6 5. Be3 Bd7 6. Nf3 Qb6 7. Qd2 Rc8 8. Be2 f6
9. O-O Be7 10. Re1 cxd4 11. cxd4 f5 12. Nc3 h6 13. h4 Na5 14. Red1 Nc4 15. Bxc4
Rxc4 16. a3 Bd8 17. g3 1/2-1/2